Model vyučovacej hodiny v predmete "Strojárska technológia" s využitím programu Microsoft PowerPoint

Na minha lista:
Detalhes bibliográficos
Autor principal: Pavlovičová, Jarmila, 1968- (Author)
Outros Autores: Labašová, Eva, 1963- (Thesis advisor)
Formato: Manuscrito Livro
Idioma:eslovaco
Publicado em: STU v Bratislave MTF UIPH, 2010
Acesso em linha:VAIS
Tags: Adicionar Tag
Sem tags, seja o primeiro a adicionar uma tag!

MARC

LEADER 00000ntm a22000003a 4500
001 stu207313
005 20160719160307.1
008 100713s2010------------------------slo-d
040 |a STU  |b slo 
041 0 |a slo 
100 1 |a Pavlovičová, Jarmila,  |d 1968-  |4 aut  |X 57600  |7 A000057600 
242 0 0 |a Model of a lesson on the subject „Machine technology“ using Microsoft PowerPoint   |y eng 
245 1 |a Model vyučovacej hodiny v predmete "Strojárska technológia" s využitím programu Microsoft PowerPoint 
260 |b STU v Bratislave MTF UIPH,  |c 2010 
700 1 |a Labašová, Eva,  |d 1963-  |4 ths  |u M2000  |U MTF Materiálovotechnologická fakulta  |T MTF Ústav výrobných systémov a aplikovanej mechaniky  |X 1539  |U M2000  |Y 82  |7 A000001539 
856 4 |a info a plný text  |u http://is.stuba.sk/zp/portal_zp.pl?podrobnosti=58872  |3 VAIS 
996 |c M*DP-9560  |l MMSKP  |s P  |a 0  |w stu207313_0001